000 00493 a2200169 4500
003 Nust
005 20230120142723.0
040 _cNust
082 _a808.81,POE
100 _aChurch, Richard
_9107256
245 _aPoems of our time 1900-1942 /
_cRichard Church & M. Bozman
260 _aLondon
_bJ.M Dent & Sons Ltd
_c1945
300 _a326 p.;
505 _a1900-1914 (Page-1), 1914-1918 (Page-75), 1918-1930 (Page-113), 1930-1942 (Page-203).
650 _aPoems
_91446
942 _2ddc
_cBK
999 _c190890
_d190890